| 000 | 00531nam a2200193 a 4500 | ||
|---|---|---|---|
| 001 | 13576 | ||
| 003 | CO-ViMGA | ||
| 008 | 141112s2004 ck r 000 u spa d | ||
| 020 | _a8481641421 | ||
| 040 |
_aCO-ViMGA _bspa _cCO-ViMGA |
||
| 082 | 0 | 4 | _a128.3 S226d |
| 100 | 1 |
_aSchopenhauer, Arthur _919784 |
|
| 245 | 1 | 0 |
_aDialectica eristica : _bo el arte de tener razon, expuesta en 38 estratagemas |
| 260 |
_aMadrid : _bTrotta, _c1997 |
||
| 300 | _a99 | ||
| 650 | 1 | 4 | _aFILOSOFIA |
| 650 | 1 | 4 |
_aRAZON SUFICIENTE _919785 |
| 942 |
_2ddc _cBK |
||
| 999 |
_c24300 _d24300 |
||